000 00415nam a2200181Ia 4500
001 24180
005 20260414151026.0
008 260414t1978||||xx |||||||||||||| ||spa||
041 _aESP
082 _a791.82
_bS95
100 _aSureda Molina, Guillermo
_eAUT
245 0 _aTauromagia
_b
260 _c1978
300 _a181 páginas :
_c18 cm.
650 _aABD
654 _aCAU
942 _cLIB
_dJUS
_fJUS
_2ddc
_n
999 _c24180
_d24180